| 000 -LEADER |
| fixed length control field |
01506 a2200313 4500 |
| 003 - CONTROL NUMBER IDENTIFIER |
| control field |
Nust |
| 005 - DATE AND TIME OF LATEST TRANSACTION |
| control field |
20250416122426.0 |
| 010 ## - LIBRARY OF CONGRESS CONTROL NUMBER |
| LC control number |
2010002592 |
| 020 ## - INTERNATIONAL STANDARD BOOK NUMBER |
| International Standard Book Number |
9780763778286 (pbk.) |
| 020 ## - INTERNATIONAL STANDARD BOOK NUMBER |
| International Standard Book Number |
9780763778491 (hardcover) |
| 035 ## - SYSTEM CONTROL NUMBER |
| System control number |
(DNLM)101523200 |
| 040 ## - CATALOGING SOURCE |
| Transcribing agency |
Nust |
| 082 00 - DEWEY DECIMAL CLASSIFICATION NUMBER |
| Classification number |
616.025,EME |
| 245 00 - TITLE STATEMENT |
| Title |
Emergency care and transportation of the sick and injured. |
| 250 ## - EDITION STATEMENT |
| Edition statement |
2nd ed. / |
| Remainder of edition statement |
American Academy of Orthopaedic Surgeons ; editors, Benjamin Gulli, Joseph A. Ciatolla, Leaugeay Barnes. |
| 260 ## - PUBLICATION, DISTRIBUTION, ETC. |
| Place of publication, distribution, etc. |
Sudbury, Mass. : |
| Name of publisher, distributor, etc. |
Jones and Bartlett, |
| Date of publication, distribution, etc. |
c1977. |
| 300 ## - PHYSICAL DESCRIPTION |
| Extent |
480p. ; |
| Dimensions |
cm. |
| 505 ## - FORMATTED CONTENTS NOTE |
| Formatted contents note |
Introduction (Page-1), Anatomy, Diagnostic Signs And Triage (Page-17), Basic Life Support (Page-39), The Musculoskeletal System (Page-119), The Heat And Nervous System (Page-181), The Abdomen And Genitourinary System (Page-207), Medical Emergencies (Page-231), Childbirth And Special Pediatric Problems (Page-259), Mental Health Problems (Page-285), Environmental Injuries (Page-301), Communications, Records And Reports (Page-407). |
| 650 #0 - SUBJECT ADDED ENTRY--TOPICAL TERM |
| Topical term or geographic name entry element |
Emergency Medical Services. |
| 9 (RLIN) |
100535 |
| 650 #0 - SUBJECT ADDED ENTRY--TOPICAL TERM |
| Topical term or geographic name entry element |
Emergency Treatment. |
| 9 (RLIN) |
100536 |
| 650 #0 - SUBJECT ADDED ENTRY--TOPICAL TERM |
| Topical term or geographic name entry element |
Medical emergencies. |
| 9 (RLIN) |
100537 |
| 650 #0 - SUBJECT ADDED ENTRY--TOPICAL TERM |
| Topical term or geographic name entry element |
Transport of sick and wounded. |
| 9 (RLIN) |
100538 |
| 650 #0 - SUBJECT ADDED ENTRY--TOPICAL TERM |
| Topical term or geographic name entry element |
Transportation of Patients. |
| 9 (RLIN) |
100539 |
| 700 1# - ADDED ENTRY--PERSONAL NAME |
| Personal name |
Barnes, Leaugeay. |
| 9 (RLIN) |
100540 |
| 700 1# - ADDED ENTRY--PERSONAL NAME |
| Personal name |
Ciatolla, Joseph A. |
| 9 (RLIN) |
100541 |
| 700 1# - ADDED ENTRY--PERSONAL NAME |
| Personal name |
Gulli, Benjamin. |
| 9 (RLIN) |
100542 |
| 710 2# - ADDED ENTRY--CORPORATE NAME |
| Corporate name or jurisdiction name as entry element |
American Academy of Orthopaedic Surgeons. |
| 9 (RLIN) |
100543 |
| 942 ## - ADDED ENTRY ELEMENTS (KOHA) |
| Source of classification or shelving scheme |
|
| Koha item type |
Book |